| 000 | 00730nam a2200253Ia 4500 | ||
|---|---|---|---|
| 003 | OSt | ||
| 005 | 20221006143722.0 | ||
| 006 | a|||||r|||| 00| 0 | ||
| 007 | ta | ||
| 008 | 221006b |||||||| |||| 00| 0 eng d | ||
| 020 |
_c _10.00 |
||
| 024 | _a9,761 | ||
| 037 | _cTextual | ||
| 040 |
_aEASL _cEASL _beng |
||
| 041 |
_2eng _aeng |
||
| 082 | _aX8(F555):275.41.N7, L5 | ||
| 100 |
_aLING H C _9247500 |
||
| 245 | 0 | _aPetroleum industry of the People's Republic of China | |
| 260 |
_aStanford _bHoover Institution Press _c1975 |
||
| 300 |
_a264p. _ccm. |
||
| 490 |
_v CEL _aHoover Institution Publications ; 142 |
||
| 942 |
_hX8(F555):275.41.N7, L5 _cTEXL _2CC |
||
| 999 |
_c1077847 _d1077847 |
||